00716nam a2200193Ia 4500001000700000003000500007008004100012010001100053040000900064100002700073245015600100260003900256300001000295502007100305650006300376650002700439650002500466700003100491Z_5889CHAP220113s2009 xx 000 0 und d a169098 cCHAP aCelso Espinoza,Gustavo aEvaluacion de curvas de crecimiento de corderos Coopworth x Polled Dorset,Charolais o Dorper Blanco /cCelso Espinoza Gustavo y Mariscal Miranda Martin aChapingo,Méx. :bEl autor,c2009 a55 h. aTesis (Ing.Agr.Esp. en Zootecnia)-- UACH Departamento de Zootecnia aCruza Coopworth x Polled Dorset, Charolais y Dorper Blanco aCurvas de Crecimiento  aGanado ovinoxCarne  aI. Mariscal Miranda Martin